logo

Bir Sreshtho Munshi Abdur Rouf Library
Jhenaidah Cadet College

Leaders and Heroes / (Record no. 4017)

MARC details
000 -LEADER
fixed length control field 00540nam a2200217 a 4500
001 - CONTROL NUMBER
JCCL Control Number 4017
003 - CONTROL NUMBER IDENTIFIER
JCCL marc code BD-JhCC
005 - DATE AND TIME OF LATEST TRANSACTION
control field 20171121095521.0
008 - FIXED-LENGTH DATA ELEMENTS--GENERAL INFORMATION
fixed length control field 171121s1910 n a|||| || | 001 0 eng d
035 ## - SYSTEM CONTROL NUMBER
system control number (BD-JhCC)4017
040 ## - CATALOGING SOURCE
Original cataloging agency BD-JhCC
Modifying agency BD-JhCC
041 ## - LANGUAGE CODE
Language code of Book eng
082 ## - DEWEY DECIMAL CLASSIFICATION NUMBER
Classification number 920
Author mark and Year BAR 1910
100 ## - MAIN ENTRY--PERSONAL NAME
Personal name Barrows, Marjorie
245 ## - TITLE STATEMENT
Title Leaders and Heroes /
Statement of responsibility, etc Marjorie Barrows,
260 ## - PUBLICATION, DISTRIBUTION, ETC. (IMPRINT)
Place of publication, distribution, etc Chicago :
Name of publisher, distributor, etc The Spencer Press, Inc.
Date of publication, distribution, etc 1910
300 ## - PHYSICAL DESCRIPTION
Pagination 372 p. :
Dimensions 22 cm.
650 ## - SUBJECT ADDED ENTRY--TOPICAL TERM
Topical term or geographic name as entry element Biography
942 ## - ADDED ENTRY ELEMENTS (KOHA)
Source of classification or shelving scheme Dewey Decimal Classification
Koha item type Books
Holdings
Source of classification or shelving scheme Damaged status Not for loan Home library Current library Shelving location Date of accession Total Checkouts Full call number Barcode Date last seen Copy number Koha item type
Dewey Decimal Classification     JCC Rouf Library JCC Rouf Library General Stacks 11/21/2017   920 BAR 1910 5818 11/21/2017 C- 1 Books

JCC Library | Contacts | JCC Home

Last Update on 23 September 2017
Copyright @ 2017-2020 JCC Rouf Library
Rouf Library, Jhenidah Cadet College (JCC), Bangladesh